000 00395nam a22001097a 4500
082 _a928/UPA
100 _aधामा, तेजपाल सिंह
_976373
245 _aपंडित दीनदयाल उपाध्‍याय
260 _aदिल्‍ली
_bविनोद बुक हाउस
_c2021
650 _aसाहित्‍यकार
_981584
942 _cBK
999 _c65656
_d65656